Historia gráfica de la Nueva España (Record no. 2328)

MARC details
000 -CABECERA
campo de control de longitud fija 00891nam a2200229 a 4500
001 - NÚMERO DE CONTROL
campo de control BRCA_2588
005 - FECHA Y HORA DE LA ÚLTIMA TRANSACCIÓN
campo de control 20190320203859.0
008 - DATOS DE LONGITUD FIJA--INFORMACIÓN GENERAL
campo de control de longitud fija 281108s1929----mx-#---###---#000-0#spa-#
050 #4 - SIGNATURA TOPOGRÁFICA DE LA BIBLIOTECA DEL CONGRESO
Número de clasificación F1231
Número de documento/Ítem .B46 1929
100 1# - ENTRADA PRINCIPAL--NOMBRE DE PERSONA
Nombre de persona Benítez, José R.
9 (RLIN) 7390
245 10 - MENCIÓN DE TÍTULO
Título Historia gráfica de la Nueva España
Mención de responsabilidad, etc. por José R. Benítez.
260 ## - PUBLICACIÓN, DISTRIBUCIÓN, ETC.
Lugar de publicación, distribución, etc. México
Nombre del editor, distribuidor, etc. Cámara Oficial Española de Comercio
Fecha de publicación, distribución, etc. 1929
300 ## - DESCRIPCIÓN FÍSICA
Extensión 305 p.
Otras características físicas il., (algunas a color) mapas
Dimensiones 29 cm.
500 ## - NOTA GENERAL
Nota general Editada, recopilada y redactada por iniciativa de la Cámara Oficial Española en los Estados Unidos Mexicanos
500 ## - NOTA GENERAL
Nota general Incluye apéndices
500 ## - NOTA GENERAL
Nota general A65
650 14 - PUNTO DE ACCESO ADICIONAL DE MATERIA--TÉRMINO DE MATERIA
Término de materia o nombre geográfico como elemento de entrada México
Término indicativo de función/relación Historia
Subdivisión cronológica Guerra de Independencia, 1810-1821
9 (RLIN) 7391
650 14 - PUNTO DE ACCESO ADICIONAL DE MATERIA--TÉRMINO DE MATERIA
Término de materia o nombre geográfico como elemento de entrada México
Término indicativo de función/relación Historia
Subdivisión cronológica Periodo colonial, 1540-1810
9 (RLIN) 7392
710 2# - PUNTO DE ACCESO ADICIONAL--NOMBRE DE ENTIDAD CORPORATIVA
Nombre de entidad corporativa o nombre de jurisdicción como elemento de entrada Cámara Oficial Española de Comercio en los Estados Unidos
9 (RLIN) 7393
902 ## - CATALOGADOR
Iniciales GFM
942 ## - ELEMENTOS DE PUNTO DE ACCESO ADICIONAL (KOHA)
Fuente del sistema de clasificación o colocación Library of Congress Classification
Tipo de ítem Koha Libros
Holdings
Estado de retiro Estado de pérdida Estado dañado No para préstamo Localización permanente Ubicación/localización actual Fecha de adquisición Número de inventario Total de préstamos Signatura topográfica completa Código de barras Fecha visto por última vez Precio válido a partir de Tipo de ítem Koha
El ejemplar forma parte de la colección y puede ser consultado según las políticas vigentes.       Biblioteca del Museo Franz Mayer (Rogerio Casas-Alatriste) Biblioteca del Museo Franz Mayer (Rogerio Casas-Alatriste) 28/11/2008 A65   F1231 .B46 1929 (A65) 2585 22/03/2019 22/03/2019 Libros